Keys to college studying : becoming an active thinker (Record no. 1101)
[ view plain ]
| 000 -LEADER | |
|---|---|
| fixed length control field | 01824nam a22002297a 4500 |
| 003 - CONTROL NUMBER IDENTIFIER | |
| control field | OSt |
| 005 - DATE AND TIME OF LATEST TRANSACTION | |
| control field | 20210624055113.0 |
| 008 - FIXED-LENGTH DATA ELEMENTS--GENERAL INFORMATION | |
| fixed length control field | 210624b ||||| |||| 00| 0 eng d |
| 020 ## - INTERNATIONAL STANDARD BOOK NUMBER | |
| International Standard Book Number | 9780131703773 |
| 040 ## - CATALOGING SOURCE | |
| Transcribing agency | alupe university |
| 050 ## - LIBRARY OF CONGRESS CALL NUMBER | |
| Classification number | LB2395 |
| Item number | .C267 2007 |
| 100 ## - MAIN ENTRY--PERSONAL NAME | |
| Personal name | Carol Carter |
| 245 ## - TITLE STATEMENT | |
| Title | Keys to college studying : becoming an active thinker |
| Statement of responsibility, etc. | Carol Carter; Joyce Bishop; Sarah Lyman Kravits |
| 250 ## - EDITION STATEMENT | |
| Edition statement | 2nd ed. |
| 260 ## - PUBLICATION, DISTRIBUTION, ETC. | |
| Place of publication, distribution, etc. | Upper Saddle River, N.J |
| Name of publisher, distributor, etc. | Pearson/Prentice Hall |
| Date of publication, distribution, etc. | 2007 |
| 300 ## - PHYSICAL DESCRIPTION | |
| Extent | xxiv, 485 pages |
| Other physical details | : illustrations |
| Dimensions | ; 24 cm |
| 650 ## - SUBJECT ADDED ENTRY--TOPICAL TERM | |
| Form subdivision | Study skills. |
| -- | Adult learning. |
| 700 ## - ADDED ENTRY--PERSONAL NAME | |
| Personal name | Joyce Bishop |
| 700 ## - ADDED ENTRY--PERSONAL NAME | |
| Personal name | Sarah Lyman Kravits |
| 942 ## - ADDED ENTRY ELEMENTS (KOHA) | |
| Source of classification or shelving scheme | |
| Koha item type | Book |
| Suppress in OPAC | MW |
| Withdrawn status | Lost status | Source of classification or shelving scheme | Damaged status | Not for loan | Permanent Location | Current Location | Date acquired | Total Checkouts | Full call number | Barcode | Date last seen | Price effective from | Koha item type | Public note |
|---|---|---|---|---|---|---|---|---|---|---|---|---|---|---|
| AU LIBRARY | AU LIBRARY | 24.06.2021 | LB2395 .C267 2007 | 28002851 | 24.06.2021 | 24.06.2021 | Book | MW |